000 00498nam a2200169 u 4500
001 000377332
003 AM-YeHGA
005 20250617132041.0
008 041103s1899 ||| r 000 0 arm d
040 _aAM-YeHGA
041 0 _aarm
245 1 0 _aԽալիֆաթ :
_bՊատմական հետազօտութիւն /
_cԱտրպետ.
260 _aՆոր-Նախիջեւան :
_bՀրատ. Ջաւադ-Բէգ Բալուղանի,
_c1899.
300 _a100 էջ.
650 1 4 _aԻսլամ
090 _c145621
999 _c144238
_d144238